Introducing the hydrographer to offshore wind farms (Record no. 71176)
[ view plain ]
| 000 -LEADER | |
|---|---|
| fixed length control field | 01461cam a2200241 4500 |
| 001 - CONTROL NUMBER | |
| control field | ABS65943 |
| 008 - FIXED-LENGTH DATA ELEMENTS--GENERAL INFORMATION | |
| fixed length control field | 020918n2002 000 0 eng u |
| 035 ## - SYSTEM CONTROL NUMBER | |
| System control number | (Sirsi) u119744 |
| 100 ## - MAIN ENTRY--PERSONAL NAME | |
| Personal name | Keedwell, S |
| 245 ## - TITLE STATEMENT | |
| Title | Introducing the hydrographer to offshore wind farms |
| 260 ## - PUBLICATION, DISTRIBUTION, ETC. | |
| Date of publication, distribution, etc. | 2002 |
| 490 ## - SERIES STATEMENT | |
| Series statement | The Hydrographer Journal |
| Volume/sequential designation | (105) July 2002, 3-10(8) |
| 520 ## - SUMMARY, ETC. | |
| Summary, etc. | The development of a renewable and sustainable energy source is fundamental to many European Government Energy policies. There are many types of renewable energy source, of which wind power is one. Wind power has been developed in many offshore locations. However, land for new developments is relatively scarce, and this is compounded by the objections of local residents, necessitating developers to look at the marine offshore environment. Careful consideration must be given to the environmental factors when building an offshore wind farm. The hydrographer and geoscientist will play a crucial role in these developments. This paper introduces the subject of offshore wind energy and provides an overview of what will be required of hydrographers and geoscientists. Tables, maps and graphs. [Taken from journal abstract]. |
| 590 ## - LOCAL NOTE (RLIN) | |
| Local note | ABS |
| 650 ## - SUBJECT ADDED ENTRY--TOPICAL TERM | |
| Topical term or geographic name entry element | HYDROGRAPHIC SURVEYS |
| 650 ## - SUBJECT ADDED ENTRY--TOPICAL TERM | |
| Topical term or geographic name entry element | WIND FARMS |
| 650 ## - SUBJECT ADDED ENTRY--TOPICAL TERM | |
| Topical term or geographic name entry element | OFFSHORE WIND POWER |
| 650 ## - SUBJECT ADDED ENTRY--TOPICAL TERM | |
| Topical term or geographic name entry element | RENEWABLE ENERGY |
| 650 ## - SUBJECT ADDED ENTRY--TOPICAL TERM | |
| Topical term or geographic name entry element | SUSTAINABLE ENERGY |
| 650 ## - SUBJECT ADDED ENTRY--TOPICAL TERM | |
| Topical term or geographic name entry element | MARINE ENVIRONMENT |
| 690 ## - LOCAL SUBJECT ADDED ENTRY--TOPICAL TERM (OCLC, RLIN) | |
| Topical term or geographic name as entry element | Geomatics |
| 9 (RLIN) | 6242 |
| 942 ## - ADDED ENTRY ELEMENTS (KOHA) | |
| Suppress in OPAC | 0 |
| Withdrawn status | Lost status | Source of classification or shelving scheme | Damaged status | Not for loan | Home library | Current library | Shelving location | Date acquired | Total Checkouts | Full call number | Barcode | Date last seen | Copy number | Price effective from | Koha item type |
|---|---|---|---|---|---|---|---|---|---|---|---|---|---|---|---|
| Dewey Decimal Classification | London | London | Journal article | 18/09/2002 | ABS65943 | 119744-1001 | 06/08/2019 | 1 | 06/08/2019 | Journal article |